|
|
|
|
| LEADER |
00000cam a2200000Ma 4500 |
| 001 |
EBOOKCENTRAL_ocn980831780 |
| 003 |
OCoLC |
| 005 |
20240329122006.0 |
| 006 |
m o d |
| 007 |
cr |||||||nn|n |
| 008 |
160406s2016 flu ob 001 0 eng d |
| 040 |
|
|
|a P@U
|b eng
|e pn
|c P@U
|d OCLCQ
|d OCLCO
|d YDX
|d N$T
|d EBLCP
|d MERUC
|d N$T
|d OCLCF
|d OCLCO
|d OTZ
|d AGLDB
|d OCLCQ
|d DEBSZ
|d U3G
|d OCLCO
|d D6H
|d OCLCQ
|d VTS
|d OCLCQ
|d STF
|d OCLCQ
|d AJS
|d OCLCO
|d OCLCQ
|d OCLCO
|d OCLCL
|
| 019 |
|
|
|a 981810292
|a 983024191
|a 983276486
|
| 020 |
|
|
|a 9780817390549
|q (electronic bk.)
|
| 020 |
|
|
|a 0817390545
|q (electronic bk.)
|
| 020 |
|
|
|z 9780817358747
|q (pbk. ;
|q alk. paper)
|
| 020 |
|
|
|z 0817358749
|
| 029 |
1 |
|
|a DEBSZ
|b 493184848
|
| 029 |
1 |
|
|a AU@
|b 000072105665
|
| 035 |
|
|
|a (OCoLC)980831780
|z (OCoLC)981810292
|z (OCoLC)983024191
|z (OCoLC)983276486
|
| 050 |
|
4 |
|a PS3509.I47
|b A6 2016
|
| 072 |
|
7 |
|a LIT
|x 014000
|2 bisacsh
|
| 082 |
0 |
4 |
|a 811/.54
|2 23
|
| 049 |
|
|
|a UAMI
|
| 100 |
1 |
|
|a Eigner, Larry,
|d 1927-1996,
|e author.
|1 https://id.oclc.org/worldcat/entity/E39PBJwmVjdG6XHBHwT3jTy68C
|
| 240 |
1 |
0 |
|a Poems.
|k Selections
|
| 245 |
1 |
0 |
|a Calligraphy typewriters :
|b the selected poems of Larry Eigner /
|c edited by Curtis Faville and Robert B. Grenier.
|
| 260 |
|
|
|a Tuscaloosa :
|b The University of Alabama Press,
|c 2016.
|
| 300 |
|
|
|a 1 online resource
|
| 336 |
|
|
|a text
|b txt
|2 rdacontent
|
| 337 |
|
|
|a computer
|b c
|2 rdamedia
|
| 338 |
|
|
|a online resource
|b cr
|2 rdacarrier
|
| 490 |
1 |
|
|a Modern and contemporary poetics
|
| 504 |
|
|
|a Includes bibliographical references and index.
|
| 588 |
0 |
|
|a Print version record.
|
| 505 |
0 |
|
|a Foreword; A Note on the Text; SWAMPSCOTT 1945-1978; BERKELEY 1978-1995; Notes; Index; About the Author; About the Editors.
|
| 590 |
|
|
|a eBooks on EBSCOhost
|b EBSCO eBook Subscription Academic Collection - Worldwide
|
| 590 |
|
|
|a ProQuest Ebook Central
|b Ebook Central Academic Complete
|
| 650 |
|
0 |
|a American poetry
|y 20th century.
|
| 650 |
|
6 |
|a Poésie américaine
|y 20e siècle.
|
| 650 |
|
7 |
|a LITERARY CRITICISM
|x Poetry.
|2 bisacsh
|
| 650 |
|
7 |
|a American poetry
|2 fast
|
| 648 |
|
7 |
|a 1900-1999
|2 fast
|
| 700 |
1 |
|
|a Grenier, Robert,
|e editor.
|
| 700 |
1 |
|
|a Faville, Curtis,
|e editor.
|
| 776 |
0 |
8 |
|i Print version:
|a Eigner, Larry, 1927-1996.
|s Poems. Selections.
|t Calligraphy typewriters.
|d Tuscaloosa : The University of Alabama Press, 2016
|z 9780817358747
|z 0817358749
|w (DLC) 2016004837
|w (OCoLC)946610430
|
| 830 |
|
0 |
|a Modern and contemporary poetics.
|
| 856 |
4 |
0 |
|u https://ebookcentral.uam.elogim.com/lib/uam-ebooks/detail.action?docID=4833924
|z Texto completo
|
| 938 |
|
|
|a EBL - Ebook Library
|b EBLB
|n EBL4833924
|
| 938 |
|
|
|a EBSCOhost
|b EBSC
|n 1494487
|
| 938 |
|
|
|a Project MUSE
|b MUSE
|n muse53480
|
| 938 |
|
|
|a YBP Library Services
|b YANK
|n 13951127
|
| 994 |
|
|
|a 92
|b IZTAP
|